000 00803cam a22001811 4500
001 000016358
005 20200929164404.0
008 830113s1960 mx 000 0 spa
040 _aDO-SdBNP
_bspa
_cBNPHU
245 0 4 _aLos jesuitas quiteños del extrañamiento /
_cintroducción, selección y traducciones latinas e italianas por Aurelio Espinosa Pólit.
260 _aPuebla, México :
_bJ. M. Cajica,
_c1960.
300 _a714 p. ;
_c22 cm.
490 0 _aBiblioteca ecuatoriana mínima. La colonia y la república
500 _aA cabeza de tít.: Publicación auspiciada por la Secretaría General de la Undécima Conferencia Interamericana, Quito, Ecuador, 1960
650 2 4 _aLiteratura ecuatoriana
_93938
610 2 0 _aJESUITAS
_zECUADOR
_936479
700 1 _aEspinosa Pólit, Aurelio,
_esel.
_936480
999 _c15893
_d15893